Plus Grandes Villes de France par Lettre - F - Statistiques

Statistiques générales
  • Ce quiz a été pris 345 fois
  • Le résultat moyen est 5 sur 14
Réponses sur la Carte
Les réponses sont colorées sur une échelle allant du rouge au vert en fonction du pourcentage des utilisateurs qui les ont devinées à leur premier essai. Vous pouvez retrouver ces pourcentages ci-dessous.
 
Statistiques - réponses
Population Ville % Correct
74 921 Fort-de-France
84%
57 082 Fréjus
76%
20 653 Fougères
57%
18 016 Fécamp
50%
21 130 Forbach
44%
22 891 Fontaine
41%
23 808 Frontignan
33%
21 438 Fleury-les-Aubrais
29%
28 780 Fresnes
26%
37 520 Franconville
22%
51 812 Fontenay-sous-Bois
19%
29 826 Faaa
17%
24 772 Fontenay-aux-Roses
13%
18 110 Faches-Thumesnil
8%
Aucun quiz correspondant
Distribution des résultats
% des personnes avec chaque résultat
Percentile par nombre de réponses
Votre historique - résultats
Vous n’avez pas pris ce quiz